All 100k+ Cities in Bolivia With a Map - Statistics

General Stats
  • This quiz has been taken 158 times
  • The average score is 7 of 12
Answers on the Map
Answers color-coded by a green-red scale on the quiz's map according to % correct below.
 
Answer Stats
Cities Population % Correct
La Paz 766.468
100%
Santa Cruz de la Sierra 1.454.539
95%
Sucre 261.201
95%
Cochabamba 632.013
79%
El Alto 848.452
68%
Potosí 191.302
55%
Oruro 264.943
46%
Tarija 205.375
39%
Trinidad 106.596
34%
Montero 109.518
23%
Quillacollo 172.466
18%
Sacaba 172.466
18%
No matching quizzes found
Score Distribution
Percent of People with Each Score
Percentile by Number Answered
Your Score History
You have not taken this quiz